Normal view
MARC view
- Modern Cryptograohy
Entry Topical Term
001 - CONTROL NUMBER
- control field: 6664
003 - CONTROL NUMBER IDENTIFIER
- control field: JO-AjAnu
005 - DATE AND TIME OF LATEST TRANSACTION
- control field: 20230606071359.0
008 - FIXED-LENGTH DATA ELEMENTS
- fixed length control field: 230606|| aca||aabn | a|a d
040 ## - CATALOGING SOURCE
- Original cataloging agency: JO-AjAnu
- Transcribing agency: JO-AjAnu
150 ## - HEADING--TOPICAL TERM
- Topical term or geographic name entry element: Modern Cryptograohy
670 ## - SOURCE DATA FOUND
- Source citation: Work cat.: (JO-AjAnu)3452: Edwards,Simon, author 6663, Modern Cryptography for Beginners:A complete Guide to Discover history, Features ,Devlopments and Applications of Modern Crypography